000 00798nam a2200205Ia 4500
003 GCL
005 20240530105109.0
008 140319s9999 xx 000 0 ara d
040 _aGCL /
_cGCL
082 0 4 _a230
_bن ك
100 1 _aعبدالغفار سليمان البندارى
245 1 0 _aكتاب السنن الكبرى /
_cعبدالغفار سليمان البندارى
260 _a[S.N] :
_bدار الكتب العلمية للنشر والتوزيع ،
_c1991
650 0 4 _aالحديث
650 0 4 _aالدين الاسلامى
650 0 4 _aالسنة النبوية
700 1 _aسيد كروى حسن
700 1 _aالنسائى : ابو عبدالرحمن احمد بن على بن شعيب على بن سنان سن عمر بن بن دينار
942 _2ddc
_cBK
999 _c53132
_d53132